000 00306nam a22001097a 4500
082 _a923.43 WRI'S
100 _aWRIGHT, PETER
_946169
245 _aSPY CATCHER ,THE CANDID AUTOBIOGRAPHY OF A SENIOR INTELLIGENCE OFFICER
260 _aRAWALPINDI
_bARMY EDUCATION PRESS
_c1987
300 _a392P
942 _cBK
999 _c567553
_d567553